1303 1518 1161 1406 1340 1481 1748 1679 1840 1047 1886 1282 1298 1800 1808 1735 1626 1331 1327 1192 1486 1626 1081 1279 1715 1661 1138 1106 1249 1158 1349 1168 1146 1763 1236 1140 1629 1957 1071 1630 1562 1386 1234 1138 1398 1540 1189 1724 1206 1810 1442 1165 1716 1781 1358 1573 1702 1621 1450 1418 1054 1597 1666 1580 1807 1315 1340 1320 1603 1843 1512 1881 1373 1150 1259 1673 1527 1558 1589 1064 1528 1646 1860 1924 1067 1424 1182 1795 1807 1380 1513 1380 1321 1231 1076 1307 1675 1473 1920 BCNSPRNW ULIB Ver.6.0+V

เปลี่ยนเป็นภาษาไทย

Change to English
 แสดงรายละเอียดบรรณานุกรม
  กลับหน้าหลัก

Brief Record : Get Marc (ISO 2709) : E-mail record : QR code < ปิดหน้าต่าง
LEADER : 00000nam 2200000uu 4500
001    13399113445
003     ULIB
008    110627s2551||||th 000 0 tha d
020    9789749753866
090    นว.^bส222ร 2551
100 0  สปาร์เก็ตตี้
245 00 ปาฏิหาริย์พรหมลิขิตรัก/^cสปาร์เก็ตตี้
250    พิมพ์ครั้งที่ 1
260    กรุงเทพฯ :^bSugar rian,^c2551
300    222 หน้า
710 1  Sugar rian
945    ^p159^l0^i024675
995    ทศพร
999 ^a ใช้งานได้ทุกระบบ
รายการนี้ยังไม่มีแท็ก
คุณยังไม่ได้ล็อกอิน คุณสามารถมีกิจกรรมร่วมกับเว็บไซต์ได้ แต่ต้องล็อกอินก่อน ::
  ล็อกอิน

รายการสื่อสารสนเทศ

ลำดับที่ ประเภท เลขเรียก/บาร์โค้ด สถานที่ สถานะ
1. นวนิยาย
นวนิยาย
นว. ส222ร 2551 ฉ.1 
  Barcode: 024675
ห้องสมุดวิทยาเขตสวรรค์ประชารักษ์
►นวนิยาย
บนชั้น
  ขอยืม

BibComment


ยังไม่เคยถูกคอมเมนท์

คอมเมนท์ทรัพยากรรายการนี้
  คอมเมนท์: ปาฏิหาริย์พรหมลิข..


 Copyright 2026. Bcnsprnw @Library